Teams That Have Won The Premier League: Sudden Death - Statistics

General Stats
  • This quiz has been taken 19 times
  • The average score is 6 of 7
Answers on the Grid
Answers color-coded by a green-red scale on the quiz's grid according to % correct below.
Manchester United
Blackburn Rovers
Arsenal
Chelsea
Manchester City
Leicester City
Liverpool
Everton
Aston Villa
Tottenham Hotspur
Sunderland
Aston Villa
Newcastle United
Leeds United
Nottingham Forest
Burnley
Brighton and Hove Albion
Ipswich Town
Crystal Palace
Wrexham
 
Answer Stats
Answer % Correct
Arsenal
100%
Leicester City
94%
Chelsea
88%
Liverpool
81%
Manchester City
81%
Manchester United
81%
Blackburn Rovers
69%
No matching quizzes found
Score Distribution
Percent of People with Each Score
Percentile by Number Answered
Your Score History
You have not taken this quiz